| 000 | 00779nac a22002291u 4500 | ||
|---|---|---|---|
| 010 | _a 89016019 | ||
| 020 | _a027592520X (alk. paper) | ||
| 082 | 0 | 0 |
_a336.3435091724 _bOCL |
| 090 |
_c7217 _d7217 |
||
| 100 | _aO'Cleireacain, Seamus. | ||
| 245 | 1 | 0 |
_aThird World debt and international public policy / _cSeamus O'Cleireacain. |
| 260 |
_aNew York : _bPraeger,1990 _c1990. |
||
| 300 |
_axiv, 244 p. ; _c24 cm. |
||
| 500 | _aIncludes index. | ||
| 500 | _adistributer: Al-Ahram | ||
| 504 | _aBibliography: p. [231]-238. | ||
| 511 | _acatalogued by: wessam | ||
| 610 | 2 | 0 | _aInternational Monetary Fund. |
| 650 | 0 |
_aDebts, External _zDeveloping countries. |
|
| 650 | 0 |
_aDebt relief _zDeveloping countries. |
|
| 942 |
_cBB _k336.3435091724OCL |
||
| 999 |
_c7217 _d7217 |
||